Indian Poetics/ (Record no. 165513)

MARC details
000 -LEADER
fixed length control field 00511nam a22001817a 4500
005 - DATE AND TIME OF LATEST TRANSACTION
control field 20190620155741.0
010 ## - LCCN (DPL NO)
LC control number B-030201
020 ## - INTERNATIONAL STANDARD BOOK NUMBER
International Standard Book Number 8126008075
Terms of availability 200.00
035 ## - SYSTEM CONTROL NUMBER
System control number B-030201
037 ## - SOURCE OF ACQUISITION
Source of stock number/acquisition Sahitya Akademi
082 ## - DEWEY DECIMAL CLASSIFICATION NUMBER
Classification number 808.81
100 ## - MAIN ENTRY--PERSONAL NAME
Personal name Sreekantaiyaya, T.N.
245 ## - TITLE STATEMENT
Title Indian Poetics/
Statement of responsibility, etc T.N. Sreekantaiyaya
260 ## - PUBLICATION, DISTRIBUTION, ETC. (IMPRINT)
Place of publication, distribution, etc New Delhi
Name of publisher, distributor, etc Sahitya Akademi
Date of publication, distribution, etc 2001
300 ## - PHYSICAL DESCRIPTION
Extent 402p.
Dimensions 22cm.(Hb)
942 ## - ADDED ENTRY ELEMENTS (KOHA)
Source of classification or shelving scheme Dewey Decimal Classification
Item type English Books
Classification part 808.81
Call number suffix SRE
Holdings
Withdrawn status Lost status Not for loan Collection code Home library Current library Date acquired Full call number Barcode Koha item type
      Non-fiction Sarojini Nagar Sarojini Nagar 20/06/2019 808.81 SRE B-030201 English Books

© Delhi Public Library
Hit Counter
free hit counter